| 000 | 01381nam a22003017a 4500 | ||
|---|---|---|---|
| 005 | 20081021100252.0 | ||
| 008 | 081021t xxu||||| |||| 00| 0 hin d | ||
| 010 | _aHIN-84477 | ||
| 020 |
_a8190218085 _c250.00 |
||
| 035 | _aHN-56823 | ||
| 037 | _bDBAD / PUB | ||
| 040 |
_aDPL _bHN |
||
| 082 | _a370.115 | ||
| 100 | _aसुरेश पंडित | ||
| 245 |
_aसत्ता, समाज और शिक्षा / _cसुरेश पंडित |
||
| 246 |
_aSatta, samaaja aur shikshaa _bby Suresh Pandit |
||
| 260 |
_aदिल्ली _bखुराना पब्लिशिंग हाउस _c2008 |
||
| 270 |
_aद्वितीय तल, 94, मानक विहार _bदिल्ली _e110092 |
||
| 300 |
_a192पृ _c22सेमी (सजिल्द) |
||
| 650 |
_aशिक्षा _xसामाजिक पहलू |
||
| 650 |
_aEducation _xSocial aspects |
||
| 651 |
_aभारत _xराजनीति और सरकार |
||
| 651 |
_aIndia _xPolitics and Government |
||
| 651 |
_aभारत _xसभ्यता |
||
| 651 |
_aIndia _xCivilization |
||
| 942 |
_2ddc _cHN _mसुरेश _h370.115 |
||
| 999 |
_c16950 _d16950 |
||